00551 2200193 4500001002100000005001500021035002000036007000300056008004100059082001100100084001700111100003000128245008800158250001100246260004800257300002800305990001200333990001200345INLIS00000000000876520210505101757 a0010-0521000058ta210505 g 0 ind  aR. 348 aR. 348 PUS p0 aPusat info data indonesia1 aPeraturan Tentang Visa, Izin Masuk & Izin Keimigrasian /cPusat Info Data Indonesia aCet. 1 aJakarta :bPusat Info Data Indonesia,c2006 avii, 113 hlm ;c21,5 cm a1072997 a1072997